<?xml version="1.0" encoding="UTF-8"?>
<record
    xmlns:xsi="http://www.w3.org/2001/XMLSchema-instance"
    xsi:schemaLocation="http://www.loc.gov/MARC21/slim http://www.loc.gov/standards/marcxml/schema/MARC21slim.xsd"
    xmlns="http://www.loc.gov/MARC21/slim">

  <leader>01295nam a22001457a 4500</leader>
  <datafield tag="999" ind1=" " ind2=" ">
    <subfield code="c">525613</subfield>
    <subfield code="d">525613</subfield>
  </datafield>
  <controlfield tag="008">240328b           ||||| |||| 00| 0 eng d</controlfield>
  <datafield tag="100" ind1=" " ind2=" ">
    <subfield code="a">Dahiya, S.S. Singh, S. and Deswal, S. </subfield>
    <subfield code="9">51453</subfield>
  </datafield>
  <datafield tag="245" ind1=" " ind2=" ">
    <subfield code="a">Satisfaction of the police personnel from their working conditions: A case study of Haryana</subfield>
  </datafield>
  <datafield tag="260" ind1=" " ind2=" ">
    <subfield code="a">Indian Journal of Public Administration  </subfield>
  </datafield>
  <datafield tag="300" ind1=" " ind2=" ">
    <subfield code="a">70(1), Mar, 2024: p.173-190</subfield>
  </datafield>
  <datafield tag="520" ind1=" " ind2=" ">
    <subfield code="a">Working conditions in an organisation have a direct bearing on its performance. Better working conditions are a source of constant motivation for its employees, which further help in extracting their best towards realisation of organisational goals in terms of customer satisfaction. Police organisation is no exception and to generate people-friendly policing, amelioration in their working conditions is a necessity. The present study is an endeavour to make a detailed examination of the working conditions of the Haryana police personnel and their resultant satisfaction from them. To this end, a sample of 710 police personnel was drawn from various police establishments across the state for this study. &#x2013; Reproduced 

https://journals.sagepub.com/doi/full/10.1177/00195561231204918
</subfield>
  </datafield>
  <datafield tag="773" ind1=" " ind2=" ">
    <subfield code="a">Indian Journal of Public Administration  </subfield>
  </datafield>
  <datafield tag="906" ind1=" " ind2=" ">
    <subfield code="a">POLICING</subfield>
  </datafield>
  <datafield tag="942" ind1=" " ind2=" ">
    <subfield code="c">AR</subfield>
  </datafield>
  <datafield tag="952" ind1=" " ind2=" ">
    <subfield code="0">0</subfield>
    <subfield code="1">0</subfield>
    <subfield code="2">ddc</subfield>
    <subfield code="4">0</subfield>
    <subfield code="7">0</subfield>
    <subfield code="9">400671</subfield>
    <subfield code="a">IIPA</subfield>
    <subfield code="b">IIPA</subfield>
    <subfield code="d">2024-03-28</subfield>
    <subfield code="h">70(1), Mar, 2024: p.173-190</subfield>
    <subfield code="p">AR131409</subfield>
    <subfield code="r">2024-03-28</subfield>
    <subfield code="y">AR</subfield>
  </datafield>
</record>
